Movie Trivia: Actors' Best & Worst Movies (According to IMDb) - Statistics

General Stats
  • This quiz has been taken 256 times
  • The average score is 3 of 22
Answer Stats
Actor Movie % Correct
Marlon Brando The Godfather
81%
Christian Bale The Dark Knight
80%
Jimmy Stewart It's a Wonderful Life
36%
Natalie Portman Léon: The Professional
36%
Denzel Washington Glory
23%
Meryl Streep The Deer Hunter
21%
Julianne Moore The Big Lebowski
11%
Marlon Brando The Island of Dr. Moreau
10%
Jennifer Lawrence X-Men: Days of Future Past
8%
Natalie Portman Your Highness
5%
Penélope Cruz All About My Mother
4%
Li Gong Raise the Red Lantern
3%
Denzel Washington The Preacher's Wife
3%
Meryl Streep She-Devil
2%
Penélope Cruz Sex and the City 2
1%
Li Gong To Live
1%
Julianne Moore Body of Evidence
0%
Marlon Brando Christopher Columbus: The Discovery
0%
Li Gong Codename Cougar
0%
Jennifer Lawrence The Devil You Know
0%
Jimmy Stewart The Ice Follies of 1939
0%
Christian Bale The Secret Agent
0%
No matching quizzes found
Score Distribution
Percent of People with Each Score
Percentile by Number Answered
Your Score History
You have not taken this quiz